| 000 | 00848nam a2200253Ia 4500 | ||
|---|---|---|---|
| 003 | OSt | ||
| 005 | 20260129105935.0 | ||
| 008 | 210716s2013 xx 000 0 und d | ||
| 020 | _a9781259001635 | ||
| 040 | _cAIMIT LIBRARY | ||
| 041 | _aeng | ||
| 082 |
_a338.04 _28 _bHISR |
||
| 100 |
_aHisrich, Robert D. _9253071 |
||
| 245 |
_aEntrepreneurship / _cBy Robert D Hisrich...[et.al]. |
||
| 250 | _a8th ed. | ||
| 260 |
_aNew Delhi : _bTata McGraw Hill Publishing Company Ltd , _c2013. |
||
| 300 |
_axxvii,712p. ; _bPB _c24.2 cm |
||
| 650 |
_aFrom idea to the opportunity _9253072 |
||
| 650 |
_aFrom the opportunity to the business plan _9253073 |
||
| 650 |
_aFrom the business plan to funding the venture _9253074 |
||
| 700 |
_aFellow, Mathew J Manimala. _9253075 |
||
| 700 |
_aPeters, Michael P. _9253076 |
||
| 942 |
_2ddc _cBK _e8th _k338.04 HISR |
||
| 999 |
_c193901 _d193901 |
||